MARC

Tag First Indicator Second Indicator Subfields
LEADER 00000cam a22000004a 4500
001 in00002069921
005 20151102050834.0
008 050722s2004 dcua f000 0 eng d
035 |a (OCoLC)ocm61125630 
040 |a COF  |c COF  |d TXA  |d UtOrBLW 
049 |a TXAM 
086 0 |a A 1.107:833/BRIEF 
100 1 |a Blisard, William Noel. 
245 1 0 |a Low-income households' expenditures on fruits and vegetables /  |c Noel Blisard, Hayden Stewart, and Dean Jolliffe. 
264 1 |a [Washington, D.C.] :  |b U.S. Dept. of Agriculture, Economic Research Service,  |c [2004] 
300 |a 2 unnumbered pages :  |b illustrations ;  |c 28 cm. 
336 |a text  |b txt  |2 rdacontent 
337 |a unmediated  |b n  |2 rdamedia 
338 |a volume  |b nc  |2 rdacarrier 
490 1 |a ERS research brief 
500 |a "May 2004." 
650 0 |a Low-income consumers  |z United States  |x Nutrition. 
650 0 |a Food consumption  |z United States. 
650 0 |a Food preferences  |z United States. 
650 0 |a Fruit  |x Health aspects  |z United States. 
650 0 |a Vegetables  |x Health aspects  |z United States. 
700 1 |a Stewart, Hayden. 
700 1 |a Jolliffe, Dean,  |d 1963- 
710 1 |a United States.  |b Department of Agriculture.  |b Economic Research Service. 
830 0 |a ERS research brief. 
856 4 0 |u http://www.ers.usda.gov/publications/aer833/aer833.pdf  |t 0 
994 |a C0  |b TXA 
948 |a cataloged  |b h  |c 2005/07/27  |e pkellar  |f 10:17:10 am 
999 |a MARS 
999 f f |s d71292eb-c5ae-3f1b-b3b6-fff7d051f48a  |i 73751028-662c-3785-8f4d-c3be73bf5aba  |t 0 
952 f f |p normal  |a Texas A&M University  |b College Station  |c Sterling C. Evans Library  |d Evans: US Documents (Annex 5th floor)  |t 0  |e A 1.107:833/BRIEF  |h Superintendent of Documents classification  |i unmediated -- volume  |m A14833850318 
952 f f |a Texas A&M University  |b College Station  |c Electronic Resources  |d Available Online  |t 0  |e A 1.107:833/BRIEF  |h Superintendent of Documents classification 
998 f f |a A 1.107:833/BRIEF  |t 0  |l Available Online 
998 f f |a A 1.107:833/BRIEF  |t 0  |l Evans: US Documents (Annex 5th floor)